000
00282nam a22000977a 4500
999
_c
11161
_d
11161
008
180927b ||||| |||| 00| 0 eng d
020
_a
9780590190930
100
_a
Stine. R L
_9
6923
245
_a
ABOMINABLE SNOWMAN OF PASADENA (GOOSEBUMPS S.)
260
_a
New York
_b
Parachute press
_c
1995